00498nam a2200193 a 4500001001300000003000900013005001700022008004100039020001000080082001600090100002200106245002600128260004200154300000800196500003500204505001700239650002600256700002200282nice12345678IN_TiNIC20260116011519.0050524s1942 lona grp 000 0 eng  ac10000a912.19bBAR aBartholomew, John aOxford Advanced Atlas aLondonbOxford University Pressc1942 a96p aincludes index and biblioraphy2 aBibliography aAtlases-History-World1 aBartholomew, John